000 01072nam a2200253 i 4500
001 189946
003 ES-MaACL
005 20250902073148.0
008 200221s1970 sp |||| | spa d
080 _a349.2(460)"19"(094):647.3
080 _a349.2(460)"192(094):648.5
080 _a349.2(460)"19"(094):63
110 1 _aEspaña
_93622
245 1 0 _aActividades diversas :
_bActividades no reglamentadas . Empresas de limpieza de locales . Mujeres de limpieza . Vaquerías . Granjas avícolas . Jardinería . Porterías de fincas urbanas . Disposiciones de interés general...
260 _aMadrid :
_bGarcía Enciso,
_c1970.
300 _a262 p. ;
_c15 cm.
490 1 _aColección García Enciso
650 4 _aPersonal de limpieza-
_xEstatuto jurídico-
_zEspaña.
_9169621
650 4 _aEmpleados de fincas urbanas-
_xEstatuto jurídico-
_zEspaña.
_9169622
650 4 _aTrabajadores agrícolas-
_xEstatuto jurídico-
_zEspaña.
_9169623
830 1 0 _aColección "García Enciso"
_9176884
852 4 _aES-MaACL
_jP-1332-28
999 _c189946
_d189946